Emita y Emota en___ ¿ahora quién me aúpa? /

Guardado en:
Bibliografiske detaljer
Hovedforfatter: Montes, Graciela (autor)
Andre forfattere: Legnazzi, Claudia (ilustración) (ilustración)
Format: Bog
Sprog:spansk
Udgivet: México : Fondo de Cultura Económica, 2003, c1999
Serier:(A la Orilla del Viento ; Para Los que Están Aprendiendo a Leer) 125.
Fag:
Tags: Tilføj Tag
Ingen Tags, Vær først til at tagge denne postø!

MARC

LEADER 00000nam^a2200000^a^4500
001 000279832
005 20250521000000.0
009 20260526134458.034
020 |a 968-16-6062-5 
037 |a Acervo ITESO - Biblioteca 
041 |a ESP 
082 |a 808. 899282  |b MON 
100 |a Montes, Graciela  |e (autor) 
245 1 0 |a Emita y Emota en___ ¿ahora quién me aúpa? /  |c G. Montes ; il. de C. Legnazzi. 
264 4 |a México :  |b Fondo de Cultura Económica,  |c 2003, c1999 
300 |a [33] p. 
336 |a texto  |b txt  |2 rdacontenido 
337 |a sin mediación  |b n  |2 rdamedio 
338 |a volumen  |b nc  |2 rdasoporte 
440 1 |a (A la Orilla del Viento ;  |v 125.  |p Para Los que Están Aprendiendo a Leer) 
649 |a XX 
650 |a Cuentos Infantiles -  |z Argentina 
650 |a Literatura Infantil -  |z Argentina 
650 |a Literatura Argentina -  |y Siglo XX 
700 |a Legnazzi, Claudia  |e (ilustración) 
910 |a Fondo General 
920 |a Impresos - Libros 
930 |a Colección General 
940 |a Literatura 
905 |a 101 
901 |a 0500166068  |b IT1  |c LIT  |u 20250521 
902 |a https://opac.biblio.iteso.mx/vufind/Record/000279832